| 000 | 02582nam0a2200433 i 4500 | ||
|---|---|---|---|
| 001 | RU\NLR\BIBL_A\010926137 | ||
| 005 | 20260407092906.0 | ||
| 021 |
_aRU _b2015-91307 _95628 |
||
| 029 | 1 | 0 |
_aRU _b31610.35-1-2014 _cГОСТ |
| 029 | 1 | 0 |
_aRU _b60079-35-1:2011 _cIEC |
| 035 | _a(NLR Aleph) 010926137 | ||
| 090 |
_a10701004 _c10701004 |
||
| 100 | _a20151216d2015 k y0rusy50 ca | ||
| 101 | 0 | _arus | |
| 102 | _aRU | ||
| 105 | _aa l 000yy | ||
| 200 | 1 |
_aВзрывоопасные среды _hЧ. 35-1 _iГоловные светильники для применения в шахтах, опасных по рудничному газу _iОбщие требования и методы испытаний, относящиеся к риску взрыва _dExplosive atmospheres. Part 35-1. Caplights for ust in mines susceptible to firedamp. General requirements and test methods in relation to the risk of explosion _zeng _eГОСТ 31610.35-1-2014 _eIEC 60079-35-1:2011 _fподгот. Автоном. некоммер. нац. орг. "Ех-стандарт" |
|
| 205 | _aИзд. офиц. | ||
| 210 |
_aМосква _cСтандартинформ _d2015 |
||
| 215 |
_aVI, 14 с. _cил. _d29 |
||
| 225 | 1 |
_aМежгосударственный стандарт _fМежгос. совет по стандартизации, метрологии и сертификации |
|
| 239 | _aВвед. 01.12.2016 | ||
| 320 | _aБиблиогр.: с. 13 (7 назв.) | ||
| 510 | 1 |
_aExplosive atmospheres _zeng |
|
| 510 | 1 |
_aCaplights for ust in mines susceptible to firedamp _zeng |
|
| 510 | 1 |
_aGeneral requirements and test methods in relation to the risk of explosion _zeng |
|
| 517 | 1 | _aГОСТ 31610.35-1-2014 | |
| 517 | 1 | _aIEC 60079-35-1:2011 | |
| 606 |
_aАккумуляторные рудничные светильники идивидуальные _jСтандарты _92297884 _3RU\NLR\AUTH\6601602707 |
||
| 610 | 0 | _aэлектрическое оборудование для работы в особых условиях | |
| 675 | _a622.47:006.354 | ||
| 686 |
_a29.260 _v2003 _2oks |
||
| 686 | 1 | _aИ182-5я861 | |
| 711 | 0 | 2 |
_a"Ех-стандарт", автономная некоммерческая национальная организация _cМосква _9535665 _3RU\NLR\AUTH\880435668 |
| 712 | 0 | 2 |
_4725 _aМежгосударственный совет по стандартизации, метрологии и сертификации _9321571 _3RU\NLR\AUTH\8823529 |
| 942 | _cBOOK | ||
| 980 | _aNBR | ||